[Event "Randy "Beauregard"Bahr memorial tourname"]
[Site "SchemingMind.com"]
[Date "2023.02.07"]
[Round "-"]
[White "William Lindberg"]
[Black "palberto1963"]
[Result "0-1"]
[WhiteCountry "USA"]
[BlackCountry "ESP"]
[WhiteElo "2373"]
[WhiteRD "65"]
[BlackElo "2384"]
[BlackRD "123"]
[GameID "731088"]

1. c4 e5 2. Nc3 Nf6 3. a3 d5 4. cxd5 Nxd5 5. e4 Nxc3 6. bxc3 Bd6 7. Nf3 O-O 8. Bc4 Nc6 9. O-O Na5 10. Ba2 Qe7
11. d4 Be6 12. Bxe6 Qxe6 13. d5 Qe7 14. Qc2 c6 15. c4 cxd5 16. cxd5 Rac8 17. Qd1 Rc7 18. Nh4 Qxh4 19. Re1 f5 20. exf5 e4
21. g3 Qf6 22. Be3 Nc4 23. Bd4 Qxf5 24. Qe2 Ne5 25. Bxe5 Bxe5 26. Rad1 Bd6 27. Rd2 Bc5 28. Rc2 b6 29. Kg2 e3 30. f3 Rcf7
31. Rf1 Qxd5 32. h4 Rd8 33. Re1 Qd2 34. a4 Qxe2+ 35. Rexe2 Rfd7 36. f4 Rd2 37. Kf3 h5 38. a5 Rxe2 39. Kxe2 Rd2+ 40. Rxd2 exd2
41. Kxd2 bxa5 42. Ke1 a4 43. Kd2 Bf2 44. Kc3 Bxg3 45. Kb4 Bxh4 46. Kxa4 Bf6 47. Kb5 h4
0-1

[Event "Randy "Beauregard"Bahr memorial tourname"]
[Site "SchemingMind.com"]
[Date "2023.02.07"]
[Round "-"]
[White "palberto1963"]
[Black "William Lindberg"]
[Result "1-0"]
[WhiteCountry "ESP"]
[BlackCountry "USA"]
[WhiteElo "2384"]
[WhiteRD "123"]
[BlackElo "2373"]
[BlackRD "65"]
[GameID "731089"]

1. d4 Nf6 2. c4 e6 3. Nc3 Bb4 4. Qc2 O-O 5. a3 Bxc3+ 6. Qxc3 Re8 7. e3 b6 8. Nf3 d5 9. Be2 Ba6 10. O-O dxc4
11. Rd1 c5 12. dxc5 Qc7 13. cxb6 axb6 14. Bd2 Nbd7 15. Rdc1 Nd5 16. Qc2 Rec8 17. h3 b5 18. b3 h6 19. Qd1 Qb8 20. Be1 Ne5
21. Nd4 Qb7 22. Nf3 Nd7 23. Rc2 Qb6 24. Rcc1 Qb8 25. Rab1 Qc7 26. Rc2 Rd8 27. Nd4 Ne5 28. a4 Ne7 29. axb5 Bxb5 30. Qc1 Bc6
31. Nxc6 Qxc6 32. Bxc4 Rac8 33. Bb4 Nd5 34. Be1 Re8 35. Qd1 Nxc4 36. Rxc4 Qa6 37. Ra1 Qb7 38. Rac1 Rxc4 39. Rxc4 Ra8 40. Qc2 f5
41. Bd2 Qb6 42. Rc8+ Rxc8 43. Qxc8+ Kf7 44. Bc3 Nxc3 45. Qxc3 Qd6 46. Qd4 Qc7 47. b4 Qc1+ 48. Kh2 Qc7+ 49. f4 Qc6 50. Qa7+ Kf8
51. Qb8+ Qe8 52. Qb6 h5 53. b5 h4 54. Qa5 Kg8 55. b6 Qc8 56. Qb5 Qb7 57. Qe8+ Kh7 58. Qxe6 Kh8 59. Qd6 Qe4 60. Qb8+ Kh7
61. b7 Qxe3 62. Qe5 Qg3+ 63. Kh1 Qb3 64. b8=Q Qxb8 65. Qxb8
1-0

[Event "Randy "Beauregard"Bahr memorial tourname"]
[Site "SchemingMind.com"]
[Date "2023.02.06"]
[Round "-"]
[White "Matthew Bailey"]
[Black "palberto1963"]
[Result "1/2-1/2"]
[WhiteCountry "ENG"]
[BlackCountry "ESP"]
[WhiteElo "2599"]
[WhiteRD "74"]
[BlackElo "2439"]
[BlackRD "100"]
[GameID "731090"]

1. e4 c5 2. Nf3 d6 3. d4 cxd4 4. Nxd4 Nf6 5. Nc3 a6 6. Be3 e5 7. Nb3 Be6 8. Qd2 Nbd7 9. O-O-O Be7 10. h3 b5
11. g4 O-O 12. Kb1 b4 13. Nd5 Bxd5 14. exd5 Nb6 15. Qxb4 Nfxd5 16. Bxb6 Nxb6 17. Qe4 Re8 18. c4 Qc7 19. h4 a5 20. h5 Nd7
21. Bd3 Nf8 22. Rc1 a4 23. Nd2 Rab8 24. Rc2 Bg5 25. Qf5 Qe7 26. Ne4 Ne6 27. Nxg5 Nxg5 28. f4 exf4 29. Qxf4 Qe3 30. Qxe3 Rxe3
31. Rd1 a3 32. b3 Rg3 33. Rcd2 Nf3 34. Rc2 Ng5 35. h6 g6 36. Kc1 Rxg4 37. Bf1 Ne4 38. Bg2 f5 39. Bxe4 Rxe4 40. Rxd6=
1/2-1/2

[Event "Randy "Beauregard"Bahr memorial tourname"]
[Site "SchemingMind.com"]
[Date "2023.02.06"]
[Round "-"]
[White "palberto1963"]
[Black "Matthew Bailey"]
[Result "1/2-1/2"]
[WhiteCountry "ESP"]
[BlackCountry "ENG"]
[WhiteElo "2439"]
[WhiteRD "100"]
[BlackElo "2599"]
[BlackRD "74"]
[GameID "731091"]

1. d4 d5 2. c4 e6 3. Nc3 Nf6 4. cxd5 exd5 5. Bg5 Be7 6. e3 h6 7. Bh4 O-O 8. Bd3 c6 9. Nge2 Nbd7 10. Qc2 Re8
11. O-O Nh5 12. Bxe7 Qxe7 13. Rab1 a5 14. Na4 g6 15. a3 Ng7 16. Nf4 Qd6 17. Rfc1 b5 18. Nc5 a4 19. Ra1 Nxc5 20. Qxc5 Qxc5
21. Rxc5 Bd7 22. Bc2 Ne6 23. Nxe6 Rxe6 24. g4 Rf6 25. Bd1 Re8 26. Kg2 h5 27. h3 Kf8 28. Rcc1 Rfe6 29. b4 Ke7 30. Bc2 g5
31. Bd3 Rh6 32. Be2 hxg4 33. hxg4 Reh8 34. Rh1 Rxh1 35. Rxh1 Rxh1 36. Kxh1 f6=
1/2-1/2

[Event "Randy "Beauregard"Bahr memorial tourname"]
[Site "SchemingMind.com"]
[Date "2023.02.07"]
[Round "-"]
[White "Uzi Mike"]
[Black "Robert Hatfield"]
[Result "1-0"]
[WhiteCountry "USA"]
[BlackCountry "USA"]
[WhiteElo "2089"]
[WhiteRD "86"]
[BlackElo "1778"]
[BlackRD "64"]
[GameID "731095"]

1. d4 Nf6 2. c4 e6 3. Nc3 Bb4 4. Bf4 c5 5. e3 O-O 6. Nf3 cxd4 7. exd4 Bxc3+ 8. bxc3 d6 9. Bd3 h6 10. O-O b6
11. Qc1 Nh7 12. Qa3 Ng5 13. Nxg5 hxg5 14. Bxd6
1-0

[Event "Randy "Beauregard"Bahr memorial tourname"]
[Site "SchemingMind.com"]
[Date "2023.02.07"]
[Round "-"]
[White "Robert Hatfield"]
[Black "Uzi Mike"]
[Result "0-1"]
[WhiteCountry "USA"]
[BlackCountry "USA"]
[WhiteElo "1778"]
[WhiteRD "64"]
[BlackElo "2089"]
[BlackRD "86"]
[GameID "731096"]

1. c4 Nf6 2. Nc3 e5 3. Nf3 Nc6 4. d3 d5 5. cxd5 Nxd5 6. Bd2 Be7 7. h3 O-O 8. e3 f5 9. Be2 Nb6 10. Qb3+ Kh8
11. O-O a6 12. Rad1 Qd6 13. Bc1 Bd7 14. d4 e4 15. Ne5 Nxe5 16. dxe5 Qxe5 17. Rfe1 Rad8 18. Bf1 Rf6 19. Nd5 Bd6 20. g3 Ba4
21. Qc3 Bxd1 22. Nxf6 Qxc3 23. bxc3 Be5
0-1

[Event "Randy "Beauregard"Bahr memorial tourname"]
[Site "SchemingMind.com"]
[Date "2023.02.07"]
[Round "-"]
[White "The Chess Machine"]
[Black "Robert Hatfield"]
[Result "1-0"]
[WhiteCountry "ENG"]
[BlackCountry "USA"]
[WhiteElo "2496"]
[WhiteRD "78"]
[BlackElo "1786"]
[BlackRD "65"]
[GameID "731097"]

1. c4 Nf6 2. Nc3 e5 3. g3 d5 4. cxd5 Nxd5 5. Bg2 Nb6 6. e3 Nc6 7. Nge2 Be7 8. O-O O-O 9. f4 exf4 10. Nxf4 Bf5
11. d4 Bg6 12. h4 Bxh4 13. Nxg6 Bxg3 14. Nxf8 Qh4 15. Rf5 g6 16. Nxg6 hxg6 17. Rf3 Kg7 18. Qb3 Rf8 19. Ne2 Na5 20. Qc3
1-0

[Event "Randy "Beauregard"Bahr memorial tourname"]
[Site "SchemingMind.com"]
[Date "2023.02.07"]
[Round "-"]
[White "Robert Hatfield"]
[Black "The Chess Machine"]
[Result "0-1"]
[WhiteCountry "USA"]
[BlackCountry "ENG"]
[WhiteElo "1786"]
[WhiteRD "65"]
[BlackElo "2496"]
[BlackRD "78"]
[GameID "731098"]

1. c4 Nf6 2. Nc3 e5 3. Nf3 Nc6 4. d3 d5 5. cxd5 Nxd5 6. g3 f6 7. Bg2 Be6 8. O-O Qd7 9. Bd2 g5 10. e4 Nxc3
11. Bxc3 O-O-O 12. Rc1 g4 13. Nh4 Qxd3 14. Qa4 Qc4 15. Qc2 Nd4 16. Bxd4 Qxc2 17. Rxc2 exd4 18. Rd2 Bb4 19. Rdd1 Bxa2 20. Ra1 Bb3
0-1

[Event "Randy "Beauregard"Bahr memorial tourname"]
[Site "SchemingMind.com"]
[Date "2023.02.08"]
[Round "-"]
[White "Robert Bruce"]
[Black "Robert Hatfield"]
[Result "1-0"]
[WhiteCountry "SCO"]
[BlackCountry "USA"]
[WhiteElo "2314"]
[WhiteRD "69"]
[BlackElo "1761"]
[BlackRD "68"]
[GameID "731099"]

1. e4 e6 2. d3 b5 3. g3 Bb7 4. Bg2 Be7 5. Qg4 Nf6 6. Qxg7 Rg8 7. Qh6 Rg6 8. Qd2 c5 9. Nf3 Nc6 10. O-O Qc7
11. Qe2 Nd4 12. Nxd4 cxd4 13. c3 e5 14. cxd4 exd4 15. Bf4 Qb6 16. Nd2 Qe6 17. Nf3 Bc5 18. Nh4 Kd8 19. Rac1
1-0

[Event "Randy "Beauregard"Bahr memorial tourname"]
[Site "SchemingMind.com"]
[Date "2023.02.08"]
[Round "-"]
[White "Robert Hatfield"]
[Black "Robert Bruce"]
[Result "0-1"]
[WhiteCountry "USA"]
[BlackCountry "SCO"]
[WhiteElo "1761"]
[WhiteRD "68"]
[BlackElo "2314"]
[BlackRD "69"]
[GameID "731100"]

1. c4 c5 2. Nf3 Nc6 3. Nc3 e5 4. d3 Nge7 5. g3 d5 6. cxd5 Nxd5 7. Bg2 Nxc3 8. bxc3 Be7 9. a4 O-O 10. O-O Be6
11. Rb1 Qd7 12. Be3 b6 13. Rb2 Rad8 14. Qa1 h6 15. Rb5 Qc7 16. c4 e4 17. Bf4 Bd6 18. Bxd6 Rxd6 19. Nh4 g5
0-1

[Event "Randy "Beauregard"Bahr memorial tourname"]
[Site "SchemingMind.com"]
[Date "2023.02.07"]
[Round "-"]
[White "William Lindberg"]
[Black "Robert Hatfield"]
[Result "1-0"]
[WhiteCountry "USA"]
[BlackCountry "USA"]
[WhiteElo "2373"]
[WhiteRD "65"]
[BlackElo "1761"]
[BlackRD "68"]
[GameID "731101"]

1. c4 Nf6 2. d4 e6 3. Nf3 b6 4. g3 Ba6 5. b3 Bb4+ 6. Bd2 Be7 7. Nc3 d5 8. cxd5 exd5 9. Bg2 O-O 10. O-O Bb7
11. Ne5 Na6 12. Rc1 Re8 13. Bf4 h6 14. Nb5 c5 15. a4 Nb4 16. Nd3 Nxd3 17. exd3 cxd4 18. Nc7 Bd6 19. Nxe8 Bxf4 20. Nxf6+ Qxf6
21. gxf4 Qxf4 22. Qf3 Qd6 23. Qg3
1-0

[Event "Randy "Beauregard"Bahr memorial tourname"]
[Site "SchemingMind.com"]
[Date "2023.02.07"]
[Round "-"]
[White "Robert Hatfield"]
[Black "William Lindberg"]
[Result "0-1"]
[WhiteCountry "USA"]
[BlackCountry "USA"]
[WhiteElo "1761"]
[WhiteRD "68"]
[BlackElo "2373"]
[BlackRD "65"]
[GameID "731102"]

1. c4 e6 2. d4 Nf6 3. Nc3 d5 4. Bg5 Be7 5. Nf3 O-O 6. e3 h6 7. Bh4 Nbd7 8. Rc1 c5 9. cxd5 Nxd5 10. Bxe7 Nxe7
11. Be2 b6 12. O-O Bb7 13. dxc5 Nxc5 14. Qc2 a5 15. Rfd1 Qb8 16. Nb5 Be4 17. Qd2 Bc6 18. Qd6 Qxd6 19. Rxd6 Rfc8 20. Rcd1 Ne4
21. R6d4 Nf5 22. Rd7 Bxd7 23. Rxd7 Rc1+ 24. Rd1 Rac8 25. g4 Rxd1+ 26. Bxd1 Nxe3
0-1

[Event "Randy "Beauregard"Bahr memorial tourname"]
[Site "SchemingMind.com"]
[Date "2023.02.07"]
[Round "-"]
[White "Robert Hatfield"]
[Black "Matthew Bailey"]
[Result "0-1"]
[WhiteCountry "USA"]
[BlackCountry "ENG"]
[WhiteElo "1786"]
[WhiteRD "65"]
[BlackElo "2617"]
[BlackRD "70"]
[GameID "731103"]

1. c4 c5 2. Nf3 Nf6 3. Nc3 Nc6 4. e3 e5 5. d4 e4 6. Ne5 h5 7. Be2 Qc7 8. Rb1 cxd4 9. exd4 Nxe5 10. dxe5 Qxe5
11. h3 b6 12. Be3 Bc5 13. Nd5 Nxd5 14. cxd5 Bxe3 15. fxe3 Qg3+
0-1

[Event "Randy "Beauregard"Bahr memorial tourname"]
[Site "SchemingMind.com"]
[Date "2023.02.07"]
[Round "-"]
[White "Matthew Bailey"]
[Black "Robert Hatfield"]
[Result "1-0"]
[WhiteCountry "ENG"]
[BlackCountry "USA"]
[WhiteElo "2617"]
[WhiteRD "70"]
[BlackElo "1786"]
[BlackRD "65"]
[GameID "731104"]

1. e4 e6 2. d4 d5 3. e5 c5 4. c3 Qb6 5. Nf3 Nc6 6. Bd3 cxd4 7. O-O Bd7 8. Re1 Nge7 9. Nbd2 dxc3 10. bxc3 Ng6
11. Nb3 Be7 12. Rb1 Qc7 13. Nbd4 Ncxe5 14. Nxe5 Nxe5 15. Bf4 Bd6 16. Bb5 f6 17. Nxe6
1-0

[Event "Randy "Beauregard"Bahr memorial tourname"]
[Site "SchemingMind.com"]
[Date "2023.02.07"]
[Round "-"]
[White "Robert Hatfield"]
[Black "palberto1963"]
[Result "0-1"]
[WhiteCountry "USA"]
[BlackCountry "ESP"]
[WhiteElo "1786"]
[WhiteRD "65"]
[BlackElo "2156"]
[BlackRD "153"]
[GameID "731105"]

1. c4 e5 2. Nc3 Nf6 3. Nf3 Nc6 4. d3 d5 5. cxd5 Nxd5 6. g3 Be7 7. Bg2 Be6 8. O-O O-O 9. Bd2 Qd7 10. Rc1 f6
11. Qb3 Ne3
0-1

[Event "Randy "Beauregard"Bahr memorial tourname"]
[Site "SchemingMind.com"]
[Date "2023.02.07"]
[Round "-"]
[White "palberto1963"]
[Black "Robert Hatfield"]
[Result "1-0"]
[WhiteCountry "ESP"]
[BlackCountry "USA"]
[WhiteElo "2384"]
[WhiteRD "123"]
[BlackElo "1761"]
[BlackRD "68"]
[GameID "731106"]

1. d4 Nf6 2. c4 e6 3. Nc3 Bb4 4. Qc2 d5 5. cxd5 Qxd5 6. Nf3 Qf5 7. Qxf5 exf5 8. a3 Be7 9. Bf4 c6 10. e3 Be6
11. Ng5 Bd5 12. Bxb8 Rxb8 13. Nxd5 Nxd5 14. h4 f4 15. e4 Nc7 16. Bc4 Bxg5 17. hxg5 Rd8 18. Rd1 Ke7 19. Ke2 Ne6 20. Bxe6 fxe6
21. Kf3 Rdf8 22. Rd3 Kf7 23. Rb3 b6 24. Rc1 Rc8 25. Kxf4 Rhd8 26. Ke5 Re8 27. Rbc3 Kg6 28. Rxc6 Rxc6 29. Rxc6
1-0